Reform of social service delivery systems in Latin America /
Guardat en:
| Autor principal: | |
|---|---|
| Altres autors: | , |
| Format: | Text |
| Matèries: | |
| Etiquetes: |
Afegir etiqueta
Sense etiquetes, Sigues el primer a etiquetar aquest registre!
|
MARC
| LEADER | 00000 a a2200000 04500 | ||
|---|---|---|---|
| 001 | 18904 | ||
| 003 | |||
| 040 | |||
| 100 | |a Savedoff, William D. | ||
| 245 | |a Reform of social service delivery systems in Latin America / |c William D. Savedoff ; Ricardo Hausmann ; Claudia Piras | ||
| 650 | |a POLITICA SOCIAL | ||
| 650 | |a SERVICIOS PUBLICOS | ||
| 650 | |a BIENESTAR SOCIAL | ||
| 650 | |a SEGURIDAD SOCIAL | ||
| 650 | |a EFICACIA | ||
| 650 | |a REFORMA SOCIALCENTRALIZACION | ||
| 650 | |a DESCENTRALIZACION | ||
| 650 | |a CAMBIO SOCIAL | ||
| 700 | |a Hausmann, Ricardo | ||
| 700 | |a Piras, Claudia | ||
| 773 | |g número 230; páginas 1-31 | ||
| 999 | |c 27389 |d 27389 | ||
